[Event "Angers op 5th"]
[Site "Angers"]
[Date "2010.04.24"]
[Round "3"]
[White "Gentilhomme, Loic"]
[Black "Belnou, Margot"]
[Result "1-0"]
[WhiteElo "1710"]
[BlackElo "1190"]
[PlyCount "121"]
[EventDate "2010.04.23"]
[EventType "swiss"]
[EventRounds "6"]
[EventCountry "FRA"]
[SourceTitle "EXT 2011"]
[Source "ChessBase"]
[SourceDate "2010.11.26"]
[SourceVersion "1"]
[SourceVersionDate "2010.11.26"]
[SourceQuality "1"]

1. d4 Nf6 2. Nf3 g6 3. Nc3 Bg7 4. e4 d6 5. Be3 0-0 6. Qd2 Re8 7. 0-0-0 Bg4 8. Be2 a5 9. h3 Bxf3 10. Bxf3 a4 11. a3 Qd7 12. Bh6 Bh8 13. Rhe1 Qe6 14. Kb1 c5 15. e5 Nh5 16. exd6 Qxd6 17. dxc5 Qxc5 18. Ne4 Qe5 19. c3 Nc6 20. Ng3 Red8 21. Qc2 Rxd1+ 22. Rxd1 Nxg3 23. fxg3 Qxg3 24. Rd7 Qe1+ 25. Ka2 Qe6+ 26. Rd5 Ra5 27. Qd1 Rxd5 28. Qxd5 Qxd5+ 29. Bxd5 e6 30. Bf3 f5 31. Be2 Bg7 32. Be3 e5 33. Bb5 f4 34. Bf2 e4 35. Bxa4 e3 36. Be1 Ne5 37. Bb5 f3 38. gxf3 Nxf3 39. Bg3 h5 40. Bf4 Ng1 41. Bxe3 Nxh3 42. Bf1 Nf4 43. Bxf4 Kh7 44. Bg2 b6 45. Bc7 g5 46. Bxb6 Kh6 47. a4 h4 48. a5 g4 49. a6 h3 50. a7 hxg2 51. a8Q g1R 52. Bxg1 g3 53. Qf3 Kh7 54. Qxg3 Bf6 55. Bd4 Bxd4 56. cxd4 Kh6 57. d5 Kh5 58. d6 Kh6 59. d7 Kh7 60. d8Q Kh6 61. Qh8# 1-0